[Event "World Chess Olympiad 2018"]
[Site "Batumi"]
[Date "2018.09.24"]
[Round "1"]
[Board "3"]
[WhiteFideId "13700669"]
[White "Kostenko Petr"]
[BlackFideId "3105873"]
[Black "Mejias Nunez Rafael E."]
[Result "1-0"]
[LiveChessVersion "1.4.8"]
[BlackElo "1943"]
[WhiteElo "2459"]

1. d4 {[%clk 1:30:37]} Nf6 {[%clk 1:26:51]} 2. Bf4 {[%clk 1:30:48]} e6
{[%clk 1:26:19]} 3. e3 {[%clk 1:30:42]} d5 {[%clk 1:25:54]} 4. Nf3
{[%clk 1:30:06]} Bd6 {[%clk 1:25:33]} 5. Bg3 {[%clk 1:30:22]} O-O
{[%clk 1:25:14]} 6. Nbd2 {[%clk 1:26:05]} c5 {[%clk 1:18:48]} 7. c3
{[%clk 1:26:24]} b6 {[%clk 1:18:36]} 8. Ne5 {[%clk 1:22:18]} Qc7 {[%clk 1:15:35]}
9. Rc1 {[%clk 1:14:39]} Bb7 {[%clk 1:02:06]} 10. Bd3 {[%clk 1:13:08]} Nc6
{[%clk 0:58:34]} 11. f4 {[%clk 1:10:46]} Ne7 {[%clk 0:57:14]} 12. O-O
{[%clk 0:42:15]} Rac8 {[%clk 0:46:02]} 13. Bf2 {[%clk 0:33:02]} Ne4
{[%clk 0:37:16]} 14. Qc2 {[%clk 0:32:04]} f5 {[%clk 0:33:46]} 15. Ndf3
{[%clk 0:23:37]} Nc6 {[%clk 0:19:00]} 16. Bh4 {[%clk 0:20:56]} Be7
{[%clk 0:09:28]} 17. Bxe7 {[%clk 0:20:36]} Qxe7 {[%clk 0:09:34]} 18. Qe2
{[%clk 0:20:40]} Rc7 {[%clk 0:06:30]} 19. Rce1 {[%clk 0:15:08]} Qd6
{[%clk 0:04:21]} 20. a3 {[%clk 0:15:00]} c4 {[%clk 0:02:35]} 21. Bb1
{[%clk 0:14:29]} b5 {[%clk 0:01:53]} 22. Nxc6 {[%clk 0:14:16]} Bxc6
{[%clk 0:02:22]} 23. Ne5 {[%clk 0:14:36]} Be8 {[%clk 0:01:49]} 24. g4
{[%clk 0:10:50]} a5 {[%clk 0:01:15]} 25. Bxe4 {[%clk 0:10:11]} dxe4
{[%clk 0:00:44]} 26. Ra1 {[%clk 0:10:02]} Qd5 {[%clk 0:00:37]} 27. Rf2
{[%clk 0:09:02]} Kh8 {[%clk 0:00:50]} 28. Rg2 {[%clk 0:08:58]} Qd8
{[%clk 0:00:35]} 29. Kh1 {[%clk 0:09:03]} Qf6 {[%clk 0:00:40]} 30. Rag1
{[%clk 0:09:16]} g6 {[%clk 0:00:34]} 31. Rg3 {[%clk 0:08:54]} Kg8
{[%clk 0:00:36]} 32. Qg2 {[%clk 0:07:44]} Qe7 {[%clk 0:00:45]} 33. Qh3
{[%clk 0:06:54]} Qd6 {[%clk 0:00:33]} 34. Qh6 {[%clk 0:05:49]} Rg7
{[%clk 0:00:41]} 35. Qh3 {[%clk 0:03:22]} Qc7 {[%clk 0:00:39]} 36. Qg2
{[%clk 0:03:44]} b4 {[%clk 0:00:37]} 37. axb4 {[%clk 0:03:36]} axb4
{[%clk 0:01:06]} 38. gxf5 {[%clk 0:02:36]} exf5 {[%clk 0:01:31]} 39. h4
{[%clk 0:02:56]} bxc3 {[%clk 0:01:14]} 40. bxc3 {[%clk 0:33:21]} Qe7
{[%clk 0:30:34]} 41. h5 {[%clk 0:32:54]} Qh4+ {[%clk 0:24:12]} 42. Rh3
{[%clk 0:33:08]} Qf6 {[%clk 0:22:41]} 43. hxg6 {[%clk 0:24:14]} Bxg6
{[%clk 0:21:27]} 44. Rh6 {[%clk 0:24:12]} Qe7 {[%clk 0:21:01]} 45. Qe2
{[%clk 0:20:24]} Rc8 {[%clk 0:18:21]} 46. Nxg6 {[%clk 0:13:18]} hxg6
{[%clk 0:17:26]} 47. Rgxg6 {[%clk 0:13:41]} Rxg6 {[%clk 0:15:32]} 48. Rxg6+
{[%clk 0:14:05]} Kf7 {[%clk 0:15:37]} 49. Qh5 {[%clk 0:14:14]} 1-0

[Event "World Chess Olympiad 2018"]
[Site "Batumi"]
[Date "2018.09.24"]
[Round "1"]
[Board "4"]
[WhiteFideId "3100030"]
[White "Freyre Forest Jorge"]
[BlackFideId "13707647"]
[Black "Makhnev Denis"]
[Result "0-1"]
[LiveChessVersion "1.4.8"]
[BlackElo "2449"]
[WhiteElo "2016"]

1. b3 {[%clk 1:29:28]} Nf6 {[%clk 1:30:15]} 2. Bb2 {[%clk 1:29:37]} d5
{[%clk 1:30:33]} 3. e3 {[%clk 1:29:09]} g6 {[%clk 1:30:29]} 4. f4
{[%clk 1:28:32]} Bg7 {[%clk 1:30:48]} 5. Nf3 {[%clk 1:28:37]} O-O
{[%clk 1:30:59]} 6. Be2 {[%clk 1:28:25]} c5 {[%clk 1:30:38]} 7. O-O
{[%clk 1:27:49]} Nc6 {[%clk 1:29:06]} 8. Ne5 {[%clk 1:23:21]} Bd7
{[%clk 1:20:31]} 9. Bf3 {[%clk 1:18:58]} Qc7 {[%clk 1:16:49]} 10. Qc1
{[%clk 1:09:18]} Rfd8 {[%clk 1:12:59]} 11. d3 {[%clk 1:00:16]} d4
{[%clk 0:54:55]} 12. Bxc6 {[%clk 0:54:50]} Bxc6 {[%clk 0:55:19]} 13. Nxc6
{[%clk 0:53:49]} Qxc6 {[%clk 0:55:44]} 14. e4 {[%clk 0:40:14]} Ng4
{[%clk 0:55:49]} 15. Nd2 {[%clk 0:39:44]} f5 {[%clk 0:46:22]} 16. h3
{[%clk 0:30:29]} Ne3 {[%clk 0:37:02]} 17. Rf3 {[%clk 0:28:41]} Rf8
{[%clk 0:29:57]} 18. c3 {[%clk 0:16:15]} fxe4 {[%clk 0:30:20]} 19. Nxe4
{[%clk 0:15:19]} Rac8 {[%clk 0:30:46]} 20. Qd2 {[%clk 0:11:21]} e5
{[%clk 0:24:23]} 21. cxd4 {[%clk 0:10:52]} exd4 {[%clk 0:24:20]} 22. Rc1
{[%clk 0:09:43]} b6 {[%clk 0:24:30]} 23. b4 {[%clk 0:06:53]} c4 {[%clk 0:23:22]}
24. Qe2 {[%clk 0:06:18]} Qd5 {[%clk 0:16:38]} 25. Nf2 {[%clk 0:03:49]} b5
{[%clk 0:14:21]} 26. a4 {[%clk 0:03:25]} Rxf4 {[%clk 0:12:49]} 27. Rxe3
{[%clk 0:02:45]} dxe3 {[%clk 0:13:09]} 28. Ng4 {[%clk 0:01:17]} c3
{[%clk 0:12:43]} 29. Ba1 {[%clk 0:01:05]} h5 {[%clk 0:12:08]} 30. Nxe3
{[%clk 0:01:03]} Qe6 {[%clk 0:12:33]} 0-1

[Event "World Chess Olympiad 2018"]
[Site "Batumi"]
[Date "2018.09.24"]
[Round "1"]
[Board "1"]
[WhiteFideId "15200515"]
[White "Handjaba Mclean"]
[BlackFideId "1510045"]
[Black "Tari Aryan"]
[Result "0-1"]
[LiveChessVersion "1.4.8"]
[BlackElo "2618"]
[WhiteElo "1956"]

1. d4 {[%clk 1:30:35]} d5 {[%clk 1:30:37]} 2. Bf4 {[%clk 1:30:52]} Nf6
{[%clk 1:30:42]} 3. e3 {[%clk 1:31:15]} c5 {[%clk 1:29:45]} 4. c3
{[%clk 1:31:37]} Nc6 {[%clk 1:29:52]} 5. Nd2 {[%clk 1:31:53]} e6 {[%clk 1:29:02]}
6. Bd3 {[%clk 1:31:17]} Bd6 {[%clk 1:28:07]} 7. Bg3 {[%clk 1:31:19]} e5
{[%clk 1:24:28]} 8. Bb5 {[%clk 1:17:16]} exd4 {[%clk 1:19:41]} 9. cxd4
{[%clk 1:12:43]} cxd4 {[%clk 1:19:41]} 10. Bxc6+ {[%clk 1:10:47]} bxc6
{[%clk 1:20:01]} 11. Qa4 {[%clk 1:09:18]} Bxg3 {[%clk 1:18:16]} 12. hxg3
{[%clk 1:07:42]} dxe3 {[%clk 1:18:34]} 13. fxe3 {[%clk 1:06:59]} Qb6
{[%clk 1:17:05]} 14. Qd4 {[%clk 1:01:12]} O-O {[%clk 1:16:52]} 15. Ngf3
{[%clk 0:57:15]} Re8 {[%clk 1:16:11]} 16. O-O {[%clk 0:54:19]} Rxe3
{[%clk 1:16:07]} 17. Rae1 {[%clk 0:50:00]} Qxd4 {[%clk 1:13:03]} 18. Nxd4
{[%clk 0:49:03]} Rxe1 {[%clk 1:13:23]} 19. Rxe1 {[%clk 0:49:03]} c5
{[%clk 1:12:28]} 20. Nb5 {[%clk 0:36:38]} Rb8 {[%clk 1:08:22]} 21. Nc7
{[%clk 0:34:46]} Kf8 {[%clk 1:07:39]} 22. Nb3 {[%clk 0:31:43]} c4
{[%clk 1:07:23]} 23. Nd4 {[%clk 0:27:26]} Rxb2 {[%clk 1:07:34]} 24. Ndb5
{[%clk 0:26:22]} Bd7 {[%clk 1:07:00]} 25. a4 {[%clk 0:22:43]} Bxb5
{[%clk 1:06:47]} 26. Nxb5 {[%clk 0:21:05]} a5 {[%clk 1:06:55]} 27. g4
{[%clk 0:16:17]} Nxg4 {[%clk 1:06:25]} 28. Nc7 {[%clk 0:12:30]} Nf6
{[%clk 1:06:45]} 29. Nb5 {[%clk 0:07:05]} Ne4 {[%clk 1:06:57]} 30. Rc1
{[%clk 0:05:47]} h5 {[%clk 1:06:57]} 31. Nc7 {[%clk 0:03:19]} Rd2
{[%clk 1:07:21]} 32. Nxd5 {[%clk 0:02:08]} Rxd5 {[%clk 1:07:40]} 33. Rxc4
{[%clk 0:02:22]} f5 {[%clk 1:07:53]} 0-1

[Event "World Chess Olympiad 2018"]
[Site "Batumi"]
[Date "2018.09.24"]
[Round "1"]
[Board "2"]
[WhiteFideId "1506102"]
[White "Urkedal Frode Olav Olsen"]
[BlackFideId "15200540"]
[Black "Beukes Dante M"]
[Result "1-0"]
[LiveChessVersion "1.4.8"]
[BlackElo "2155"]
[WhiteElo "2535"]

1. d4 {[%clk 1:30:45]} Nf6 {[%clk 1:30:53]} 2. c4 {[%clk 1:31:10]} g6
{[%clk 1:31:20]} 3. Nc3 {[%clk 1:31:24]} Bg7 {[%clk 1:31:45]} 4. e4
{[%clk 1:31:51]} d6 {[%clk 1:32:10]} 5. Nf3 {[%clk 1:32:18]} O-O {[%clk 1:32:33]}
6. h3 {[%clk 1:32:46]} e5 {[%clk 1:32:58]} 7. d5 {[%clk 1:33:13]} a5
{[%clk 1:33:20]} 8. g4 {[%clk 1:33:22]} Na6 {[%clk 1:33:27]} 9. Be3
{[%clk 1:33:46]} Nd7 {[%clk 1:33:45]} 10. a3 {[%clk 1:34:08]} Nb6
{[%clk 1:32:49]} 11. Rg1 {[%clk 1:34:02]} Bd7 {[%clk 1:33:02]} 12. h4
{[%clk 1:33:30]} Kh8 {[%clk 1:31:59]} 13. Bd3 {[%clk 1:29:11]} Nc5
{[%clk 1:30:35]} 14. Bxc5 {[%clk 1:29:37]} dxc5 {[%clk 1:30:18]} 15. Rg3
{[%clk 1:25:55]} c6 {[%clk 1:25:31]} 16. Qe2 {[%clk 1:24:13]} Qe7
{[%clk 1:19:29]} 17. O-O-O {[%clk 1:21:28]} cxd5 {[%clk 1:05:15]} 18. cxd5
{[%clk 1:21:43]} c4 {[%clk 0:54:11]} 19. Bc2 {[%clk 1:21:02]} Nc8
{[%clk 0:49:03]} 20. d6 {[%clk 1:03:34]} Nxd6 {[%clk 0:42:31]} 21. Nd5
{[%clk 1:03:42]} Qd8 {[%clk 0:41:40]} 22. g5 {[%clk 0:48:30]} Bc6
{[%clk 0:21:45]} 23. h5 {[%clk 0:48:10]} Kg8 {[%clk 0:17:33]} 24. Nh2
{[%clk 0:46:30]} Bxd5 {[%clk 0:14:49]} 25. Rxd5 {[%clk 0:46:50]} Qe7
{[%clk 0:13:40]} 26. Kb1 {[%clk 0:39:06]} Rfc8 {[%clk 0:10:57]} 27. hxg6
{[%clk 0:35:26]} hxg6 {[%clk 0:11:09]} 28. Qd2 {[%clk 0:31:26]} Ra6
{[%clk 0:08:24]} 29. Ng4 {[%clk 0:29:23]} c3 {[%clk 0:04:20]} 30. Rxc3
{[%clk 0:24:17]} Nc4 {[%clk 0:04:28]} 31. Rxc4 {[%clk 0:12:24]} Rxc4
{[%clk 0:04:44]} 32. Rd8+ {[%clk 0:12:31]} Bf8 {[%clk 0:01:46]} 33. Nf6+
{[%clk 0:11:33]} Kg7 {[%clk 0:01:56]} 34. Bb3 {[%clk 0:08:20]} Rd4
{[%clk 0:01:18]} 35. Rxd4 {[%clk 0:08:28]} exd4 {[%clk 0:01:34]} 36. Qxd4
{[%clk 0:08:51]} Qc5 {[%clk 0:01:04]} 37. Qd7 {[%clk 0:09:02]} Qe7
{[%clk 0:00:45]} 38. Qd5 {[%clk 0:04:25]} a4 {[%clk 0:00:43]} 39. e5
{[%clk 0:03:54]} Qe6 {[%clk 0:00:34]} 40. Qh1 {[%clk 0:34:13]} 1-0

[Event "World Chess Olympiad 2018"]
[Site "Batumi"]
[Date "2018.09.24"]
[Round "1"]
[Board "3"]
[WhiteFideId "15200019"]
[White "Mueller Leonhard"]
[BlackFideId "1512668"]
[Black "Christiansen Johan-Sebastian"]
[Result "0-1"]
[LiveChessVersion "1.4.8"]
[BlackElo "2525"]
[WhiteElo "2190"]

1. d4 {[%clk 1:30:49]} Nf6 {[%clk 1:30:56]} 2. c4 {[%clk 1:30:57]} c5
{[%clk 1:29:19]} 3. d5 {[%clk 1:31:21]} b5 {[%clk 1:29:47]} 4. Nf3
{[%clk 1:31:33]} g6 {[%clk 1:30:11]} 5. cxb5 {[%clk 1:31:16]} a6 {[%clk 1:30:35]}
6. Qc2 {[%clk 1:31:08]} Nxd5 {[%clk 1:24:09]} 7. e4 {[%clk 1:27:20]} Nf6
{[%clk 1:23:14]} 8. e5 {[%clk 1:22:53]} Nd5 {[%clk 1:23:02]} 9. Qxc5
{[%clk 1:20:37]} Bb7 {[%clk 1:18:16]} 10. Nc3 {[%clk 1:07:45]} Nxc3
{[%clk 0:39:27]} 11. Qxc3 {[%clk 1:08:06]} Bg7 {[%clk 0:39:52]} 12. Be2
{[%clk 1:04:02]} O-O {[%clk 0:39:43]} 13. O-O {[%clk 1:04:14]} axb5
{[%clk 0:35:00]} 14. Bxb5 {[%clk 1:03:41]} Qb6 {[%clk 0:33:24]} 15. a4
{[%clk 1:02:57]} Bc6 {[%clk 0:33:41]} 16. Bg5 {[%clk 0:55:32]} Re8
{[%clk 0:32:10]} 17. Bxc6 {[%clk 0:49:43]} Nxc6 {[%clk 0:32:33]} 18. Rfe1
{[%clk 0:49:57]} Reb8 {[%clk 0:29:39]} 19. Re2 {[%clk 0:46:46]} Qa6
{[%clk 0:21:19]} 20. Rd2 {[%clk 0:42:57]} d6 {[%clk 0:21:15]} 21. Bf4
{[%clk 0:38:36]} Rb4 {[%clk 0:17:35]} 22. Qe3 {[%clk 0:34:05]} dxe5
{[%clk 0:07:58]} 23. Nxe5 {[%clk 0:28:59]} Rxa4 {[%clk 0:08:17]} 24. Rxa4
{[%clk 0:26:10]} Qxa4 {[%clk 0:08:45]} 25. h3 {[%clk 0:26:08]} Qxf4
{[%clk 0:08:26]} 0-1

[Event "World Chess Olympiad 2018"]
[Site "Batumi"]
[Date "2018.09.24"]
[Round "1"]
[Board "4"]
[WhiteFideId "1506536"]
[White "Notkevich Benjamin Arvola"]
[BlackFideId "15200523"]
[Black "Gariseb Immanuel"]
[Result "1-0"]
[LiveChessVersion "1.4.8"]
[BlackElo "1820"]
[WhiteElo "2493"]

1. Nf3 {[%clk 1:30:57]} Nf6 {[%clk 1:30:38]} 2. d4 {[%clk 1:31:02]} d5
{[%clk 1:30:52]} 3. c4 {[%clk 1:31:27]} e6 {[%clk 1:31:06]} 4. Nc3
{[%clk 1:31:52]} c6 {[%clk 1:31:26]} 5. Bg5 {[%clk 1:32:16]} Nbd7
{[%clk 1:31:02]} 6. e3 {[%clk 1:32:36]} Be7 7. Rc1 {[%clk 1:31:42]} O-O
{[%clk 1:30:53]} 8. a3 {[%clk 1:32:01]} Re8 {[%clk 1:28:43]} 9. Bd3
{[%clk 1:31:16]} dxc4 {[%clk 1:12:46]} 10. Bxc4 {[%clk 1:31:01]} b5
{[%clk 1:12:40]} 11. Ba2 {[%clk 1:24:45]} Bb7 {[%clk 1:12:24]} 12. O-O
{[%clk 1:25:03]} a6 {[%clk 1:12:41]} 13. Qe2 {[%clk 1:04:44]} Qb6
{[%clk 1:04:45]} 14. e4 {[%clk 0:53:52]} c5 {[%clk 0:46:47]} 15. dxc5
{[%clk 0:54:14]} Bxc5 {[%clk 0:44:48]} 16. b4 {[%clk 0:48:22]} Bf8
{[%clk 0:37:00]} 17. Rfd1 {[%clk 0:42:23]} Rac8 {[%clk 0:31:39]} 18. Be3
{[%clk 0:41:56]} Qd8 {[%clk 0:30:27]} 19. Bb1 {[%clk 0:25:34]} Ng4
{[%clk 0:20:12]} 20. Bf4 {[%clk 0:19:25]} e5 {[%clk 0:15:06]} 21. Bg3
{[%clk 0:05:59]} Qe7 {[%clk 0:13:11]} 22. Bh4 {[%clk 0:03:40]} Ngf6
{[%clk 0:12:29]} 23. Ba2 {[%clk 0:02:45]} h6 {[%clk 0:12:24]} 24. Qe3
{[%clk 0:01:48]} Red8 {[%clk 0:09:17]} 25. Qa7 {[%clk 0:01:08]} Rb8
{[%clk 0:01:43]} 26. h3 {[%clk 0:00:47]} g5 {[%clk 0:01:14]} 27. Bg3
{[%clk 0:01:01]} Nh5 {[%clk 0:01:14]} 28. Nd5 {[%clk 0:00:51]} Bxd5
{[%clk 0:01:13]} 29. Bxd5 {[%clk 0:01:15]} Nxg3 {[%clk 0:01:16]} 30. fxg3
{[%clk 0:01:40]} Nf6 {[%clk 0:00:45]} 31. Qxe7 {[%clk 0:01:53]} Bxe7
{[%clk 0:01:13]} 32. Nxe5 {[%clk 0:02:15]} Nxd5 {[%clk 0:01:11]} 33. exd5
{[%clk 0:00:55]} Rd6 {[%clk 0:00:58]} 34. Rc7 {[%clk 0:00:43]} Re8
{[%clk 0:00:52]} 35. Rf1 {[%clk 0:00:33]} f6 {[%clk 0:00:55]} 36. Ng4
{[%clk 0:00:47]} Kg7 {[%clk 0:00:58]} 37. Ne3 {[%clk 0:00:36]} Kf8
{[%clk 0:00:47]} 38. Nf5 {[%clk 0:00:59]} Rxd5 {[%clk 0:00:32]} 39. Nxh6
{[%clk 0:00:54]} Re5 {[%clk 0:00:32]} 40. Rxf6+ {[%clk 0:30:39]} 1-0

[Event "World Chess Olympiad 2018"]
[Site "Batumi"]
[Date "2018.09.24"]
[Round "1"]
[Board "1"]
[WhiteFideId "4692055"]
[White "Bogner Sebastian"]
[BlackFideId "5600618"]
[Black "Zerafa Robert"]
[Result "1-0"]
[LiveChessVersion "1.4.8"]
[BlackElo "2085"]
[WhiteElo "2619"]

1. Nf3 {[%clk 1:30:56]} Nf6 {[%clk 1:30:51]} 2. c4 {[%clk 1:31:20]} g6
{[%clk 1:31:09]} 3. Nc3 {[%clk 1:31:39]} Bg7 {[%clk 1:31:32]} 4. e4
{[%clk 1:31:47]} O-O {[%clk 1:31:21]} 5. d4 {[%clk 1:32:12]} d6 {[%clk 1:31:46]}
6. Be2 {[%clk 1:32:35]} e5 {[%clk 1:31:23]} 7. Be3 {[%clk 1:32:34]} Nc6
{[%clk 1:31:21]} 8. d5 {[%clk 1:32:57]} Ne7 {[%clk 1:31:27]} 9. Nd2
{[%clk 1:33:23]} Nd7 {[%clk 1:31:12]} 10. b4 {[%clk 1:32:19]} f5 {[%clk 1:31:27]}
11. f3 {[%clk 1:32:45]} f4 {[%clk 1:27:18]} 12. Bf2 {[%clk 1:33:06]} g5
{[%clk 1:27:08]} 13. c5 {[%clk 1:32:24]} Ng6 {[%clk 1:21:55]} 14. cxd6
{[%clk 1:30:58]} cxd6 {[%clk 1:22:10]} 15. Nc4 {[%clk 1:31:21]} Rf6
{[%clk 1:16:22]} 16. Nb5 {[%clk 1:24:52]} a6 {[%clk 0:56:35]} 17. Nbxd6
{[%clk 1:15:43]} Bf8 {[%clk 0:56:26]} 18. Nxc8 {[%clk 1:15:48]} Bxb4+
{[%clk 0:44:50]} 19. Kf1 {[%clk 1:16:13]} Qxc8 {[%clk 0:40:43]} 20. Rc1
{[%clk 1:15:16]} Qf8 {[%clk 0:39:57]} 21. Qb3 {[%clk 1:11:04]} Bc5
{[%clk 0:32:13]} 22. d6 {[%clk 1:09:49]} Kh8 {[%clk 0:27:19]} 23. Qxb7
{[%clk 1:09:35]} Bxf2 {[%clk 0:17:52]} 24. Kxf2 {[%clk 1:09:59]} Rf7
{[%clk 0:18:06]} 25. Rhd1 {[%clk 1:09:25]} g4 {[%clk 0:16:25]} 26. fxg4
{[%clk 0:54:14]} f3 {[%clk 0:12:56]} 27. Bxf3 {[%clk 0:53:20]} Nh4
{[%clk 0:11:48]} 28. Rc3 {[%clk 0:52:40]} Rc8 {[%clk 0:10:05]} 29. Qd5
{[%clk 0:49:29]} Qg7 {[%clk 0:03:23]} 30. Nxe5 {[%clk 0:45:09]} Rxf3+
{[%clk 0:01:36]} 31. Nxf3 {[%clk 0:45:34]} Rxc3 {[%clk 0:00:47]} 32. Nxh4
{[%clk 0:45:58]} Rc2+ {[%clk 0:01:13]} 33. Kg1 {[%clk 0:43:42]} Qxg4
{[%clk 0:01:20]} 34. Qa8+ {[%clk 0:43:01]} Kg7 {[%clk 0:01:48]} 35. Nf5+
{[%clk 0:43:23]} Kf6 {[%clk 0:01:49]} 36. Qh8+ {[%clk 0:42:58]} Ke6
{[%clk 0:01:31]} 37. Qe8+ {[%clk 0:43:21]} 1-0

[Event "World Chess Olympiad 2018"]
[Site "Batumi"]
[Date "2018.09.24"]
[Round "1"]
[Board "2"]
[WhiteFideId "5600189"]
[White "Pace Colin"]
[BlackFideId "1301837"]
[Black "Pelletier Yannick"]
[Result "1/2-1/2"]
[LiveChessVersion "1.4.8"]
[BlackElo "2544"]
[WhiteElo "2132"]

1. e4 {[%clk 1:30:55]} e6 {[%clk 1:30:36]} 2. d4 {[%clk 1:31:16]} d5
{[%clk 1:31:01]} 3. Nd2 {[%clk 1:31:38]} Nf6 {[%clk 1:31:09]} 4. e5
{[%clk 1:31:53]} Nfd7 {[%clk 1:31:30]} 5. Bd3 {[%clk 1:32:17]} c5
{[%clk 1:31:46]} 6. c3 {[%clk 1:32:42]} b6 {[%clk 1:32:09]} 7. Ne2
{[%clk 1:28:46]} Ba6 {[%clk 1:32:31]} 8. Bxa6 {[%clk 1:28:41]} Nxa6
{[%clk 1:32:55]} 9. O-O {[%clk 1:20:09]} Nc7 {[%clk 1:33:12]} 10. Nf3
{[%clk 1:18:58]} c4 {[%clk 1:27:42]} 11. a4 {[%clk 1:11:41]} a6 {[%clk 1:24:35]}
12. b3 {[%clk 1:08:24]} b5 {[%clk 1:23:11]} 13. Ba3 {[%clk 1:06:48]} Bxa3
{[%clk 1:02:17]} 14. Rxa3 {[%clk 1:06:54]} Qe7 {[%clk 1:02:26]} 15. Ra2
{[%clk 0:55:36]} cxb3 {[%clk 1:01:29]} 16. Qxb3 {[%clk 0:55:54]} bxa4
{[%clk 1:01:33]} 17. Qxa4 {[%clk 0:50:40]} O-O {[%clk 1:01:39]} 18. Rfa1
{[%clk 0:45:14]} Rfb8 {[%clk 0:53:10]} 19. Nd2 {[%clk 0:39:34]} Rb5
{[%clk 0:36:22]} 20. g3 {[%clk 0:36:08]} Nb6 {[%clk 0:34:13]} 21. Qc2
{[%clk 0:35:36]} Qd7 {[%clk 0:28:49]} 22. Nc1 {[%clk 0:26:01]} h6
{[%clk 0:20:36]} 23. Nd3 {[%clk 0:23:37]} Qc6 {[%clk 0:16:30]} 24. Nc5
{[%clk 0:20:34]} a5 {[%clk 0:15:58]} 25. Ndb3 {[%clk 0:15:25]} Nc4
{[%clk 0:15:08]} 26. Nd2 {[%clk 0:15:07]} Nxe5 {[%clk 0:12:33]} 27. Ncb3
{[%clk 0:12:33]} Nd7 {[%clk 0:09:27]} 28. Nxa5 {[%clk 0:09:33]} Qd6
{[%clk 0:08:44]} 29. Nab3 {[%clk 0:07:43]} Rc8 {[%clk 0:07:35]} 30. Qd3
{[%clk 0:06:09]} Rcb8 {[%clk 0:05:48]} 31. Qc2 {[%clk 0:04:40]} Ne8
{[%clk 0:04:23]} 32. Ra6 {[%clk 0:03:54]} R5b6 {[%clk 0:04:30]} 33. Rxb6
{[%clk 0:03:51]} Qxb6 {[%clk 0:04:54]} 34. Qd3 {[%clk 0:02:35]} Nd6
{[%clk 0:04:45]} 35. Rc1 {[%clk 0:01:37]} g5 {[%clk 0:02:14]} 36. Qe2
{[%clk 0:00:49]} Rc8 {[%clk 0:01:59]} 37. Qh5 {[%clk 0:00:47]} Kg7
{[%clk 0:02:07]} 38. h4 {[%clk 0:01:03]} Nf6 {[%clk 0:02:14]} 39. Qf3
{[%clk 0:00:48]} Nde4 {[%clk 0:00:39]} 40. hxg5 {[%clk 0:30:52]} hxg5
{[%clk 0:30:46]} 41. Qd3 {[%clk 0:19:42]} Qb7 {[%clk 0:24:21]} 42. Nxe4
{[%clk 0:10:51]} dxe4 {[%clk 0:14:33]} 43. Qe3 {[%clk 0:09:56]} Qd5
{[%clk 0:12:49]} 44. Nc5 {[%clk 0:02:24]} Qf5 {[%clk 0:11:35]} 45. Re1
{[%clk 0:01:50]} Ng4 {[%clk 0:11:15]} 46. Qe2 {[%clk 0:00:56]} Rh8
{[%clk 0:03:09]} 47. Nxe4 {[%clk 0:01:19]} Nh2 {[%clk 0:03:32]} 48. Nd2
{[%clk 0:01:16]} Qh3 {[%clk 0:03:51]} 49. Qe5+ {[%clk 0:00:52]} f6
{[%clk 0:03:14]} 50. Qe4 {[%clk 0:01:05]} g4 {[%clk 0:02:31]} 51. Qg2
{[%clk 0:01:14]} Qh6 {[%clk 0:02:32]} 52. Re3 {[%clk 0:00:45]} f5
{[%clk 0:02:06]} 53. Qb7+ {[%clk 0:00:40]} Kf6 {[%clk 0:02:29]} 54. Qg2
{[%clk 0:00:43]} Qh7 {[%clk 0:00:59]} 55. f4 {[%clk 0:00:44]} gxf3
{[%clk 0:00:36]} 56. Nxf3 {[%clk 0:01:02]} Nxf3+ {[%clk 0:00:32]} 57. Rxf3
{[%clk 0:00:58]} Qc7 {[%clk 0:00:33]} 58. Qe2 {[%clk 0:00:50]} Rg8
{[%clk 0:00:33]} 59. Qe3 {[%clk 0:00:44]} Rh8 {[%clk 0:00:36]} 60. Rf1
{[%clk 0:00:37]} Qh7 {[%clk 0:00:33]} 61. Qe5+ {[%clk 0:00:48]} Kg5
{[%clk 0:00:59]} 62. Qe3+ {[%clk 0:00:50]} Kf6 {[%clk 0:01:16]} 63. Qe5+
{[%clk 0:01:08]} Kg5 {[%clk 0:01:42]} 64. Qe3+ {[%clk 0:01:19]} Kf6
{[%clk 0:01:59]} 1/2-1/2

[Event "World Chess Olympiad 2018"]
[Site "Batumi"]
[Date "2018.09.24"]
[Round "1"]
[Board "3"]
[WhiteFideId "1300113"]
[White "Georgiadis Nico"]
[BlackFideId "5601061"]
[Black "Darmanin Jake"]
[Result "1-0"]
[LiveChessVersion "1.4.8"]
[BlackElo "2069"]
[WhiteElo "2522"]

1. d4 {[%clk 1:30:56]} Nf6 {[%clk 1:30:48]} 2. c4 {[%clk 1:31:17]} c5
{[%clk 1:30:58]} 3. d5 {[%clk 1:31:37]} b5 {[%clk 1:31:16]} 4. cxb5
{[%clk 1:31:28]} a6 {[%clk 1:31:32]} 5. bxa6 {[%clk 1:31:21]} Bxa6
{[%clk 1:31:38]} 6. Nc3 {[%clk 1:31:31]} d6 {[%clk 1:30:57]} 7. e4
{[%clk 1:30:22]} Bxf1 {[%clk 1:31:03]} 8. Kxf1 {[%clk 1:30:46]} g6
{[%clk 1:30:36]} 9. g3 {[%clk 1:30:57]} Bg7 {[%clk 1:29:43]} 10. Nf3
{[%clk 1:31:06]} O-O {[%clk 1:28:26]} 11. Kg2 {[%clk 1:31:32]} Nbd7
{[%clk 1:28:38]} 12. a4 {[%clk 1:31:51]} Qb6 {[%clk 1:27:10]} 13. Qc2
{[%clk 1:26:00]} Rfb8 {[%clk 1:18:35]} 14. Nb5 {[%clk 1:19:47]} Ng4
{[%clk 1:08:28]} 15. Bg5 {[%clk 1:11:44]} Re8 {[%clk 0:58:30]} 16. h3
{[%clk 1:07:16]} Ngf6 {[%clk 0:54:32]} 17. Nd2 {[%clk 1:06:32]} Ra6
{[%clk 0:44:55]} 18. Nc4 {[%clk 1:03:02]} Qb7 {[%clk 0:41:16]} 19. Rad1
{[%clk 0:57:33]} Nb6 {[%clk 0:26:32]} 20. Nxb6 {[%clk 0:45:02]} Rxb6
{[%clk 0:26:17]} 21. b3 {[%clk 0:44:21]} Nd7 {[%clk 0:24:01]} 22. Rhe1
{[%clk 0:42:03]} h6 {[%clk 0:23:40]} 23. Bd2 {[%clk 0:41:07]} Rc8
{[%clk 0:22:39]} 24. Bc3 {[%clk 0:36:03]} Bf8 {[%clk 0:20:21]} 25. Kh2
{[%clk 0:25:35]} Ra6 {[%clk 0:19:13]} 26. Na3 {[%clk 0:24:17]} Nb6
{[%clk 0:13:56]} 27. Rb1 {[%clk 0:20:22]} Qd7 {[%clk 0:12:05]} 28. a5
{[%clk 0:18:38]} Na8 {[%clk 0:12:19]} 29. Nc4 {[%clk 0:18:51]} Re8
{[%clk 0:08:24]} 30. b4 {[%clk 0:16:05]} cxb4 {[%clk 0:08:17]} 31. Rxb4
{[%clk 0:16:26]} Rc8 {[%clk 0:07:45]} 32. Qd3 {[%clk 0:16:43]} Ra7
{[%clk 0:05:25]} 33. Qd4 {[%clk 0:15:25]} f6 {[%clk 0:05:09]} 34. Reb1
{[%clk 0:15:16]} Rac7 {[%clk 0:03:06]} 35. Ba1 {[%clk 0:09:51]} Qe8
{[%clk 0:01:07]} 36. a6 {[%clk 0:08:24]} Rc5 {[%clk 0:00:58]} 37. Qd3
{[%clk 0:04:18]} Kh7 {[%clk 0:00:39]} 38. Bd4 {[%clk 0:04:28]} R5c7
{[%clk 0:00:44]} 39. a7 {[%clk 0:03:57]} Qd7 {[%clk 0:00:37]} 40. Nb6
{[%clk 0:33:03]} Nxb6 {[%clk 0:31:05]} 41. Bxb6 {[%clk 0:33:21]} Rb7
{[%clk 0:28:57]} 42. Qa6 {[%clk 0:32:19]} Ra8 {[%clk 0:29:00]} 43. Be3
{[%clk 0:31:31]} Rbxa7 {[%clk 0:29:04]} 44. Bxa7 {[%clk 0:31:53]} Rxa7
{[%clk 0:28:24]} 45. Qc6 {[%clk 0:31:44]} Rc7 {[%clk 0:26:33]} 46. Qxd7
{[%clk 0:30:01]} Rxd7 {[%clk 0:25:09]} 47. Rb7 {[%clk 0:29:50]} Rd8
{[%clk 0:24:36]} 48. Rb8 {[%clk 0:30:10]} Rxb8 {[%clk 0:24:56]} 49. Rxb8
{[%clk 0:30:36]} Kg7 {[%clk 0:25:17]} 50. f4 {[%clk 0:30:05]} Kf7
{[%clk 0:20:48]} 51. f5 {[%clk 0:24:02]} g5 {[%clk 0:19:24]} 52. g4
{[%clk 0:23:53]} Bg7 {[%clk 0:16:46]} 53. Kg2 {[%clk 0:24:15]} Bf8
{[%clk 0:16:51]} 54. Kf3 {[%clk 0:24:41]} Bg7 {[%clk 0:16:49]} 55. Ke3
{[%clk 0:25:04]} Bf8 {[%clk 0:17:11]} 56. Kd4 {[%clk 0:25:28]} Bg7
{[%clk 0:17:31]} 57. Kc4 {[%clk 0:25:55]} Bf8 {[%clk 0:17:51]} 58. Kb5
{[%clk 0:26:21]} Bg7 {[%clk 0:15:38]} 59. Kc6 {[%clk 0:26:48]} Bf8
{[%clk 0:11:39]} 60. Kd7 {[%clk 0:27:12]} Bg7 {[%clk 0:11:42]} 61. Kd8
{[%clk 0:27:00]} 1-0